000 00289nam a2200133Ia 4500
100 _aZurada J.M.
942 _cBK
654 _aartificial
245 _aIntroduction to Artificial Neural system
260 _bJaico Pub
_c2003
082 _a4.65
_bZUR
300 _a683
546 _aENGLISH
999 _c32487
_d32487